Statistics for Countries of the World Quiz but you have an hour

Click here to take the quiz!

General Stats

  • This quiz has been taken 20 times
  • The average score is 175 of 196

Answers on the Map

Answers color-coded by a green-red scale on the quiz's map according to % correct below.
 

Answer Stats

Country% Correct
Brazil
100%
Colombia
100%
Peru
100%
Albania
95%
Algeria
95%
Argentina
95%
Australia
95%
Austria
95%
Bahamas
95%
Bangladesh
95%
Belize
95%
Bolivia
95%
Bulgaria
95%
Canada
95%
Chile
95%
China
95%
Costa Rica
95%
Cuba
95%
Democratic Republic
of the Congo
95%
Denmark
95%
Dominica
95%
Ecuador
95%
Egypt
95%
Finland
95%
France
95%
Germany
95%
Ghana
95%
Guatemala
95%
Haiti
95%
Iceland
95%
India
95%
Iran
95%
Iraq
95%
Ireland
95%
Kenya
95%
Madagascar
95%
Malaysia
95%
Mexico
95%
Mongolia
95%
Morocco
95%
Mozambique
95%
New Zealand
95%
Nicaragua
95%
North Korea
95%
Oman
95%
Pakistan
95%
Panama
95%
Paraguay
95%
Philippines
95%
Poland
95%
Republic of the Congo
95%
Romania
95%
Russia
95%
Rwanda
95%
Saudi Arabia
95%
Somalia
95%
South Africa
95%
South Korea
95%
Spain
95%
Suriname
95%
Sweden
95%
Thailand
95%
Togo
95%
Tunisia
95%
Turkey
95%
Uganda
95%
United Kingdom
95%
United States
95%
Venezuela
95%
Vietnam
95%
Zambia
95%
Afghanistan
89%
Angola
89%
Barbados
89%
Belgium
89%
Bhutan
89%
Bosnia and
Herzegovina
89%
Botswana
89%
Cambodia
89%
Central African Republic
89%
Chad
89%
Cyprus
89%
Dominican Republic
89%
East Timor
89%
El Salvador
89%
Estonia
89%
Ethiopia
89%
Fiji
89%
Georgia
89%
Greece
89%
Guinea
89%
Guinea-Bissau
89%
Guyana
89%
Honduras
89%
Hungary
89%
Indonesia
89%
Israel
89%
Italy
89%
Ivory Coast
89%
Jamaica
89%
Japan
89%
Jordan
89%
Kuwait
89%
Laos
89%
Latvia
89%
Lebanon
89%
Lesotho
89%
Liberia
89%
Libya
89%
Liechtenstein
89%
Lithuania
89%
Luxembourg
89%
Malawi
89%
Malta
89%
Monaco
89%
Nauru
89%
Nepal
89%
Netherlands
89%
Niger
89%
Nigeria
89%
Norway
89%
Palau
89%
Portugal
89%
Serbia
89%
Slovakia
89%
Slovenia
89%
Sudan
89%
Switzerland
89%
Syria
89%
Tanzania
89%
Trinidad and Tobago
89%
Ukraine
89%
United Arab Emirates
89%
Uruguay
89%
Yemen
89%
Zimbabwe
89%
Andorra
84%
Antigua and Barbuda
84%
Armenia
84%
Azerbaijan
84%
Bahrain
84%
Belarus
84%
Benin
84%
Cameroon
84%
Croatia
84%
Czech Republic
84%
Djibouti
84%
Equatorial Guinea
84%
Eswatini
84%
Federated States of
Micronesia
84%
Gabon
84%
Kazakhstan
84%
Kosovo
84%
Kyrgyzstan
84%
Mali
84%
Marshall Islands
84%
Mauritania
84%
Moldova
84%
Montenegro
84%
Myanmar
84%
Namibia
84%
North Macedonia
84%
Papua New Guinea
84%
Qatar
84%
Saint Kitts and Nevis
84%
Saint Lucia
84%
Saint Vincent and the
Grenadines
84%
Samoa
84%
San Marino
84%
Senegal
84%
Seychelles
84%
Sierra Leone
84%
Solomon Islands
84%
South Sudan
84%
Sri Lanka
84%
Taiwan
84%
Tajikistan
84%
Tonga
84%
Turkmenistan
84%
Uzbekistan
84%
Vanuatu
84%
Vatican City
84%
Burkina Faso
79%
Burundi
79%
Cape Verde
79%
Comoros
79%
Eritrea
79%
Gambia
79%
Grenada
79%
Kiribati
79%
Mauritius
79%
São Tomé and Príncipe
79%
Singapore
79%
Tuvalu
79%
Brunei
74%
Maldives
74%

Score Distribution

Percentile by Number Answered

Percent of People with Each Score

Your Score History

You have not taken this quiz